Тайгатын уулын тайга (Бичлэгийн дугаар. 872792)
[ энгийн харах ]
| 000 -Удирдлага | |
|---|---|
| Ном зүйн бүртгэл тоо буюу кодлох утгыг агуулсан | 00847 a2200229 4500 |
| 008 - ЕРӨНХИЙ МЭДЭЭЛЭЛ-ЭЛЕМЕНТҮҮДИЙН ӨГӨГДЛИЙН УРТ | |
| fixed length control field | 240605b mp ||||| |||| 00| 0 mon d |
| 020 ## - ОЛОН УЛСЫН СТАНДАРТ НОМЫН ДУГААР-ISBN | |
| Олон Улсын Стандарт Номын Дугаар | 9929-0-716-9 |
| 035 ## - СИСТЕМИЙН ХЯНАЛТЫН ДУГААР | |
| Системийн хяналтын дугаар | 73 |
| 040 ## - ЭХ СУРВАЛЖИЙГ ТОДОРХОЙЛОН БИЧИХ | |
| Анхны каталогийн байгууллага | HE0623081 |
| Каталогийн хэл | Монгол |
| Бичлэг хийж нэвтрүүлэх байгууллага | MN-UlNLM |
| Өөрчлүүлэх байгууллага | MN-UlNLM |
| Бичиглэлийн тодорхойлолт | rda |
| 041 ## - ХЭЛНИЙ КОД | |
| Текстийн хэлний код/фонограм буюу салангид гарчиг | Монгол |
| 042 ## - AUTHENTICATION CODE | |
| Authentication code | 339 |
| 084 ## - БУСАД АНГИЛЛЫН ДУГААР | |
| Ангиллын нэр | Номын сан номзүйн ангилал |
| Анги | 84(5мон)-44 |
| Зохиогчийн 3-н тэмдэгт | А.416 |
| 100 ## - ЗОХИОГЧИЙН ХЭСЭГ | |
| Зохиогчийн нэр | Алагсай Ч. |
| 245 #0 - ҮНДСЭН ГАРЧИГ | |
| Гарчиг | Тайгатын уулын тайга |
| 264 ## - ГАРАЛТЫН МЭДЭЭ | |
| Хэвлэгдсэн газар | УБ. |
| Бүтээгч, хэвлэгч, түгээгч, үйлдвэрлэгчийн нэр | Монсудар |
| Хэвлэгдсэн он | 2006 |
| 300 ## - ТООНЫ МЭДЭЭ | |
| Хуудасны тоо | 72х. |
| 336 ## - АГУУЛГЫН ТӨРӨЛ | |
| Нөөц | rdacontent |
| Агуулгын төрлийн нөхцөл | text |
| Агуулгын төрлийн код | txt |
| 337 ## - MEDIA TYPE | |
| Эх сурвалж | rdamedia |
| Файлын төрөл | unmediated |
| Файлын код | n |
| 338 ## - CARRIER TYPE | |
| Source | rdacarrier |
| Carrier type term | volume |
| Carrier type code | nc |
| 650 ## - Сэдэв | |
| Сэдэв | Эх орныхоо ан амьтаныг хайрлан хамгаалах тэдгээрийн түмэн үзэгдэл, байгаль, Тайгтын уул, Хадны ламын нохой, Миний зүрх цаг... |
| 942 ## - ЭЛЕМЕНТИЙН ТӨРӨЛ | |
| Анги | Номын сан номзүйн ангилал |
| Төрөл | Ном |
| Буцаан татагдсан төлөв | Хасагдсан шалтгаан | Гэмтсэн төлөв | Данс заагч | Захиалах боломжгүй | Үндсэн номын сан | Одоогийн байршил | Салбар танхим | Салбар танхим | Бүртгэсэн огноо | Тавиурын заалт | Баркод | Үнэ | Хамгийн сүүлд байсан огноо | Нийт уншлаганд гарсан тоо | Дансны дугаар | Төрөл |
|---|---|---|---|---|---|---|---|---|---|---|---|---|---|---|---|---|
| Хэнтий | Хэнтий | Хэнтий | Үндсэн фонд | Хэнтий | Үндсэн фонд | 2024-06-12 | 84(5мон)-44 А.416 | HE06273-1-1 | 4000.00 | 2024-06-12 | 87135 | Ном | ||||||
| Хэнтий | Хэнтий | Хэнтий | Нийтийн уншлагын танхим | Хэнтий | Нийтийн уншлагын танхим | 2024-06-12 | 84(5мон)-44 А.416 | HE06273-2-1 | 2240.00 | 2024-06-12 | 30127 | Ном | ||||||
| Хэнтий | Хэнтий | Хэнтий | Хүүхдийн уншлагын танхим | Хэнтий | Хүүхдийн уншлагын танхим | 2024-06-12 | 84(5мон)-44 А.416 | HE06273-3-1 | 4000.00 | 2024-06-12 | 11858 | Ном | ||||||
| Хэнтий | Хэнтий | Хэнтий | Хүүхдийн уншлагын танхим | Хэнтий | Хүүхдийн уншлагын танхим | 2024-06-12 | 84(5мон)-44 А.416 | HE06273-3-2 | 4000.00 | 2024-06-12 | 11859 | Ном | ||||||
| Хэнтий | Хэнтий | Хэнтий | Гэрээр ном олгох танхим | Хэнтий | Гэрээр ном олгох танхим | 2024-06-12 | 84(5мон)-44 А.416 | HE06273-4-1 | 4000.00 | 2024-06-12 | 18093 | Ном |